The handbook of Italian Renaissance painters / (Record no. 6866)

MARC details
000 -LEADER
fixed length control field 01012nac a22002651i 4500
003 - CONTROL NUMBER IDENTIFIER
control field EG-ScBUE
005 - DATE AND TIME OF LATEST TRANSACTION
control field 20230116142451.0
008 - FIXED-LENGTH DATA ELEMENTS--GENERAL INFORMATION
fixed length control field 230116s1999 gw ab f b 001 0 eng d
020 ## - INTERNATIONAL STANDARD BOOK NUMBER
International Standard Book Number 3791322273 (pbk. : acid-free paper)
040 ## - CATALOGING SOURCE
Original cataloging agency EG-ScBUE
Language of cataloging eng
Description conventions rda
Transcribing agency EG-ScBUE
Modifying agency EG-ScBUE
082 04 - DEWEY DECIMAL CLASSIFICATION NUMBER
Classification number 759.509024
Item number GAL
Edition number 22
100 1# - MAIN ENTRY--PERSONAL NAME
Personal name Gallwitz, Karl Ludwig,
Relator term author.
245 14 - TITLE STATEMENT
Title The handbook of Italian Renaissance painters /
Statement of responsibility, etc Karl Ludwig Gallwitz ; [translated from the German by Michael Ashdown].
264 #1 - PUBLICATION, DISTRIBUTION, ETC. (IMPRINT)
Place of publication, distribution, etc Munich ;
-- New York ;
-- London :
Name of publisher, distributor, etc Prestel,
Date of publication, distribution, etc 1999.
300 ## - PHYSICAL DESCRIPTION
Extent 192 pages :
Other physical details color illustrations, color maps ;
Dimensions 24 cm
336 ## - CONTENT TYPE
Source rdacontent
Content type term text
Content type code txt
337 ## - MEDIA TYPE
Source text
Media type term unmediated
Media type code n
338 ## - CARRIER TYPE
Source rdacarrier
Carrier type term volume
Carrier type code nc
504 ## - BIBLIOGRAPHY, ETC. NOTE
Bibliography, etc Includes bibliographical references and index.
650 #7 - SUBJECT ADDED ENTRY--TOPICAL TERM
Topical term or geographic name as entry element Painters
Geographic subdivision Italy
Form subdivision Outlines, syllabi, etc.
Source of heading or term BUEsh
650 #7 - SUBJECT ADDED ENTRY--TOPICAL TERM
Topical term or geographic name as entry element Painting, Renaissance
Geographic subdivision Italy
Form subdivision Outlines, syllabi, etc.
Source of heading or term BUEsh
653 ## - INDEX TERM--UNCONTROLLED
Resource For college Arts and Design
655 ## - INDEX TERM--GENRE/FORM
Form subdivision Reading book
942 ## - ADDED ENTRY ELEMENTS (KOHA)
Koha item type Book - Borrowing
Source of classification or shelving scheme Dewey Decimal Classification
Holdings
Withdrawn status Lost status Damaged status Not for loan Home library Current library Shelving location Date acquired Source of acquisition Total Checkouts Total Renewals Full call number Barcode Date last seen Date checked out Price effective from Koha item type
        Central Library Central Library Second Floor 09/12/2007 Purchase 5 15 759.509024GAL 000008561 15/07/2025 02/10/2024 09/12/2007 Book - Borrowing